TECNICAS PROYECTIVAS : (Registro nro. 2825)
[ vista simple ]
| 000 -LEADER | |
|---|---|
| fixed length control field | 00508nam a2200181 a 4500 |
| 001 - CONTROL NUMBER | |
| control field | 2825 |
| 005 - DATE AND TIME OF LATEST TRANSACTION | |
| control field | 20180713182802.0 |
| 008 - FIXED-LENGTH DATA ELEMENTS--GENERAL INFORMATION | |
| fixed length control field | 140415s1980 000 0 spa d |
| 041 ## - LANGUAGE CODE | |
| Language code of text/sound track or separate title | spa |
| 082 ## - DEWEY DECIMAL CLASSIFICATION NUMBER | |
| Classification number | 155.284 |
| Item number | BEL |
| 100 1# - MAIN ENTRY--PERSONAL NAME | |
| Personal name | BELL, JOHN E. |
| 245 10 - TITLE STATEMENT | |
| Title | TECNICAS PROYECTIVAS : |
| Remainder of title | EXPLORACION DE LA DINAMICA DE LA PERSONALIDAD |
| 250 ## - EDITION STATEMENT | |
| Edition statement | 1a ed. |
| 260 ## - PUBLICATION, DISTRIBUTION, ETC. | |
| Place of publication, distribution, etc. | [s.l.] : |
| Name of publisher, distributor, etc. | ED. PAIDOS, |
| Date of publication, distribution, etc. | 1980 |
| 300 ## - PHYSICAL DESCRIPTION | |
| Extent | 298 |
| 650 14 - SUBJECT ADDED ENTRY--TOPICAL TERM | |
| Topical term or geographic name entry element | TECNICAS PROYECTIVAS |
| 700 1# - ADDED ENTRY--PERSONAL NAME | |
| Personal name | MACI, GUILLERMO ALBERTO |
| Relator term | tr. |
| Withdrawn status | Lost status | Source of classification or shelving scheme | Damaged status | Not for loan | Collection code | Home library | Current library | Shelving location | Date acquired | Source of acquisition | Inventory number | Total Checkouts | Full call number | Barcode | Date last seen | Date last checked out | Price effective from | Koha item type |
|---|---|---|---|---|---|---|---|---|---|---|---|---|---|---|---|---|---|---|
| Dewey Decimal Classification | General | Biblioteca Karol Wojtyla | Biblioteca Karol Wojtyla | Sala general | 03/12/2013 | Compra | 151000000000000000064208 | 1 | 155.284 BEL | 13725 | 05/01/2026 | 08/02/2020 | 03/12/2013 | Libro |